00379 2200157 4500001002100000008004100021035002000062245003100082100001600113250000600129260003800135084001400173082000800187650001400195990001200209INLIS000000000001555 ind  a0010-0125000053 aAgama PriyayicZaenudin M. aZaenudin M. a1 aYogyakarta :bPustaka Marwac2004 a200 ZAE a a200 aNon Fiksi a0715304